[Event "83rd ESP-ch Women-ch 2018"]
[Site "Linares"]
[Date "2018.08.21"]
[Round "2"]
[White "Anton Guijarro, David"]
[Black "Castellanos Gomez, Alejandro"]
[Result "1-0"]
[WhiteElo "2652"]
[BlackElo "2320"]
[Annotator "TA"]
[EventDate "2018.08.09"]
[PlyCount "63"]
[EventType "tourn"]
[EventCountry "ESP"]

1. Nf3 Nf6 2. c4 e6 3. b3 b6 4. g3 Bb7 5. Bg2 Be7 6. O-O c5 7. Bb2 O-O 8.
d4 cxd4 9. Qxd4 Nc6 10. Qf4 d5 11. Rd1 Qb8 12. Qxb8 Raxb8 13. Nbd2 Na5 $146
14. cxd5 Bxd5 15. Ne5 Rbc8 16. Rac1 Rfd8 17. Nd3 Bxg2 18. Kxg2 Nd5 19. Nf3
f6 20. e4 Nc7 21. Rd2 Nb5 $11 22. Rxc8 Rxc8 23. Nf4 Kf7 24. e5 $36 Rd8 25.
Rc2 $1 $14 Bc5 $2 26. b4 $1 $18 Bxb4 27. a4 g5 28. axb5 gxf4 29. Rc7+ Kg8
30. exf6 h6 31. Rg7+ Kf8 32. Ne5 1-0

[Event "83rd ESP-ch Women-ch 2018"]
[Site "Linares"]
[Date "2018.08.21"]
[Round "2"]
[White "Perez Candelario, Manuel"]
[Black "Domingo Nunez, Ruben"]
[Result "1-0"]
[WhiteElo "2611"]
[BlackElo "2318"]
[Annotator "TA"]
[EventDate "2018.08.09"]
[PlyCount "69"]
[EventType "tourn"]
[EventCountry "ESP"]

1. e4 e6 2. d4 d5 3. Nc3 Nf6 4. Bg5 Be7 5. e5 Nfd7 6. h4 h6 7. Bxe7 Qxe7 8.
Qd2 a6 9. f4 c5 10. Nf3 Nc6 11. Ne2 cxd4 12. Nexd4 O-O $146 13. O-O-O Nc5
14. Qe3 Bd7 15. g4 Ne4 16. Bd3 Nb4 17. Kb1 Rac8 18. a3 Nxd3 $16 19. cxd3
Nc5 20. f5 $18 Kh7 $2 21. Rdf1 f6 $2 22. exf6 Rxf6 23. g5 Rff8 24. f6 $1
gxf6 25. g6+ $1 Kxg6 26. Rhg1+ Kf7 27. Nf5 $1 exf5 28. Rg7+ $1 Kxg7 29.
Qxe7+ Kh8 30. Rg1 Rg8 31. Qxf6+ Kh7 32. Qe7+ Kh8 33. Rxg8+ Kxg8 34. Ne5 Be8
35. b4 1-0

[Event "83rd ESP-ch Women-ch 2018"]
[Site "Linares"]
[Date "2018.08.21"]
[Round "2"]
[White "Del Rio de Angelis, Salvador Gabriel"]
[Black "Balbuena Fuentes, Mario"]
[Result "1-0"]
[WhiteElo "2525"]
[BlackElo "2306"]
[TimeControl "40/5400+30:1800+30"]
[Annotator "ChessBase"]
[EventDate "2018.08.09"]
[PlyCount "77"]
[EventType "tourn"]
[EventCountry "ESP"]

1. d4 e6 2. c4 Nf6 3. Nc3 Bb4 4. Nf3 c5 5. g3 Bxc3+ 6. bxc3 Qa5 7. Bd2 b6
8. Bg2 Bb7 9. O-O O-O 10. Re1 Be4 11. Bf1 h6 12. Nh4 d6 13. f3 Bh7 14. e4
e5 15. d5 Nbd7 16. Bd3 Rfe8 17. Kh1 Nf8 18. Rg1 Rad8 19. a4 Ng6 20. Nf5 Ne7
21. Ne3 Rf8 22. Qc2 Nh5 23. Raf1 Qa6 24. f4 Qc8 25. f5 Kh8 26. Ng2 Nf6 27.
Qd1 Ne8 28. g4 f6 29. h4 Ng8 30. g5 fxg5 31. hxg5 hxg5 32. Bxg5 Ngf6 33.
Nh4 Qd7 34. Rf2 Kg8 35. Rh2 Qf7 36. Nf3 Kh8 37. Bc1 Nc7 38. Ng5 Qe7 39.
Nxh7 1-0

[Event "83rd ESP-ch Women-ch 2018"]
[Site "Linares"]
[Date "2018.08.21"]
[Round "2"]
[White "Asis Gargatagli, Hipolito"]
[Black "Galiana Fernandez, Adrian"]
[Result "1-0"]
[WhiteElo "2515"]
[BlackElo "2291"]
[Annotator "TA"]
[EventDate "2018.08.09"]
[PlyCount "39"]
[EventType "tourn"]
[EventCountry "ESP"]

1. e4 c5 2. Nf3 d6 3. d4 cxd4 4. Nxd4 Nf6 5. Nc3 a6 6. Be3 e6 7. f3 b5 8.
Qd2 Nbd7 9. a3 Qc7 10. O-O-O Rb8 11. Kb1 d5 $146 12. exd5 $18 b4 13. axb4
Bxb4 14. Nc6 Bxc3 15. Qxc3 Nxd5 16. Rxd5 exd5 17. Qxg7 Qxc6 18. Qxh8+ Ke7
19. Bd3 Qb7 $2 20. Re1 1-0

[Event "83rd ESP-ch Women-ch 2018"]
[Site "Linares"]
[Date "2018.08.21"]
[Round "2"]
[White "Espinosa Aranda, Angel"]
[Black "Jimenez Bernal, Francisco"]
[Result "1-0"]
[WhiteElo "2451"]
[BlackElo "2250"]
[TimeControl "40/5400+30:1800+30"]
[Annotator "RC"]
[EventDate "2018.08.09"]
[PlyCount "109"]
[EventType "tourn"]
[EventCountry "ESP"]

1. e4 c5 2. Nf3 d6 3. Nc3 Nf6 4. e5 dxe5 5. Nxe5 a6 6. g3 Nbd7 7. d4 cxd4
8. Qxd4 Nxe5 9. Qxe5 e6 10. Bg2 Bd6 11. Qd4 Qc7 12. Bg5 Be5 13. Qb4 Bd7 14.
O-O-O Rc8 15. Bxf6 Bxf6 16. Qxb7 Bxc3 17. bxc3 Bb5 18. Qxc7 Rxc7 19. Rd4
Ke7 20. a4 Bd7 21. Rhd1 Rhc8 22. R1d3 Be8 23. Kd2 a5 24. Re3 Rc4 25. f4 g6
26. Bf3 Rxd4+ 27. cxd4 Bxa4 28. Rc3 Rxc3 29. Kxc3 Kd6 30. Kd3 f6 31. c4 h6
32. h4 Bd7 33. Kc3 Be8 34. Kb3 g5 35. fxg5 fxg5 36. hxg5 hxg5 37. Be4 Kc7
38. Ka3 Bd7 39. Bc2 Bc6 40. Bd1 Kd6 41. Bb3 Ke7 42. Ba4 Bf3 43. Bb5 Bd1 44.
c5 Kd8 45. Bc4 Ke7 46. Bb3 Bf3 47. Ka4 Kf6 48. Kxa5 e5 49. d5 e4 50. d6 e3
51. Bc4 Bd5 52. Be2 Kf7 53. Kb6 Ke8 54. Kc7 Be6 55. c6 1-0

[Event "83rd ESP-ch Women-ch 2018"]
[Site "Linares"]
[Date "2018.08.21"]
[Round "2"]
[White "Moreno Ruiz, Javier"]
[Black "Tudela Corbalan, Carlos"]
[Result "1-0"]
[WhiteElo "2450"]
[BlackElo "2246"]
[Annotator "TA"]
[EventDate "2018.08.09"]
[PlyCount "67"]
[EventType "tourn"]
[EventCountry "ESP"]

1. d4 f5 2. Nc3 d5 3. Bf4 a6 4. e3 Nf6 5. Nf3 e6 6. Bd3 c5 7. dxc5 Bxc5 8.
O-O O-O 9. Ne2 Nc6 10. c4 Kh8 11. Rc1 Bd6 $146 12. cxd5 $16 Nxd5 13. Bxd6
Qxd6 14. e4 Nf6 15. exf5 exf5 16. Bc4 Qxd1 17. Rfxd1 Bd7 18. Ng5 h6 19.
Nf7+ Kh7 20. Nd6 b5 21. Bb3 g6 22. Nf4 $18 Ra7 23. Bf7 Ne5 $14 24. Bb3 Ne4
25. f3 $16 Nf6 26. Re1 Nc6 27. Bf7 g5 28. Ne6 $36 Rb8 29. Nc5 Nd8 30. Bb3
Rb6 $2 31. Re7+ $18 Kg6 32. Nc8 Nc6 33. Rxd7 Nxd7 34. Nxd7 1-0

[Event "83rd ESP-ch Women-ch 2018"]
[Site "Linares"]
[Date "2018.08.21"]
[Round "2"]
[White "Cruz Lledo, Pablo"]
[Black "Carretero Ortiz, Francisco"]
[Result "1-0"]
[WhiteElo "2432"]
[BlackElo "2241"]
[Annotator "TA"]
[EventDate "2018.08.09"]
[PlyCount "77"]
[EventType "tourn"]
[EventCountry "ESP"]

1. d4 d6 2. Nf3 Nd7 3. c4 e5 4. Nc3 Be7 5. g3 f5 6. dxe5 dxe5 7. Bh3 $146
g6 8. e4 Nc5 9. Qxd8+ Bxd8 10. exf5 e4 11. fxg6 $1 hxg6 12. Bxc8 exf3 13.
Bg4 Nd3+ 14. Kf1 Ne5 15. Be6 Ke7 16. Bd5 c6 17. Bf4 $36 Nd3 18. Bxf3 Nxf4
19. gxf4 Bc7 20. Rg1 Kf7 $14 21. Rd1 Nf6 22. Be4 Nxe4 23. Rd7+ $18 Ke6 24.
Rxc7 Nxc3 25. bxc3 Rxh2 26. Rxg6+ Kf5 27. Rg3 Rd8 28. Ke2 Re8+ 29. Re3
Rxe3+ 30. Kxe3 Rh3+ 31. Kd4 b6 32. Rxc6 Rf3 33. Rc7 a5 34. c5 b5 35. Rb7
Rxf2 36. Rxb5 Rd2+ 37. Kc4 Rxa2 38. c6+ Ke6 39. Rc5 1-0

[Event "83rd ESP-ch Women-ch 2018"]
[Site "Linares"]
[Date "2018.08.21"]
[Round "2"]
[White "Garza Marco, Sergio"]
[Black "Silva Rodriguez, Fernando"]
[Result "1-0"]
[WhiteElo "2414"]
[BlackElo "2239"]
[Annotator "TA"]
[EventDate "2018.08.09"]
[PlyCount "59"]
[EventType "tourn"]
[EventCountry "ESP"]

1. c4 e6 2. Nf3 d5 3. g3 Nf6 4. Bg2 d4 5. O-O c5 6. d3 Nc6 7. e3 Bd6 8.
exd4 cxd4 9. Bg5 h6 10. Bxf6 Qxf6 11. Nbd2 Qe7 12. a3 a5 13. Ne4 Bc7 14. b4
axb4 15. axb4 Rxa1 16. Qxa1 Qxb4 17. Rb1 $146 Qe7 18. Nxd4 O-O 19. Nb5 Rd8
20. d4 $16 b6 21. d5 Be5 $11 22. Qa4 Nd4 23. f4 Bf6 24. d6 Qe8 25. Nxf6+
gxf6 26. Qa3 $36 e5 27. Nc7 $1 $18 Qd7 28. Nd5 Qxd6 $2 29. Qxd6 Rxd6 30.
Ne7+ 1-0

[Event "83rd ESP-ch Women-ch 2018"]
[Site "Linares"]
[Date "2018.08.21"]
[Round "2"]
[White "Merario Alarcon, Andres"]
[Black "Alvarez Serrano, Carlos"]
[Result "1/2-1/2"]
[WhiteElo "2406"]
[BlackElo "2225"]
[Annotator "TA"]
[EventDate "2018.08.09"]
[PlyCount "59"]
[EventType "tourn"]
[EventCountry "ESP"]

1. d4 Nf6 2. c4 e6 3. Nf3 d5 4. Nc3 dxc4 5. e4 Bb4 6. Bg5 c5 7. Bxc4 cxd4
8. Nxd4 Bxc3+ 9. bxc3 Qa5 10. Bb5+ Nbd7 11. Bxf6 Qxc3+ 12. Kf1 gxf6 13. h4
a6 14. Rh3 Qb4 15. Be2 Ne5 16. Rb1 Qd6 17. Rc3 b5 18. Qc2 Bd7 $146 19. Rd1
Qb6 $1 20. f4 Nc4 21. Bxc4 bxc4 22. Rxc4 O-O 23. Nc6 Bxc6 24. Rxc6 Qe3 25.
f5 Qf4+ 26. Kg1 Qe3+ 27. Kf1 Qf4+ 28. Kg1 Qe3+ 29. Kf1 Qf4+ 30. Kg1 1/2-1/2

[Event "83rd ESP-ch Women-ch 2018"]
[Site "Linares"]
[Date "2018.08.21"]
[Round "2"]
[White "Vega Gutierrez, Sabrina Neide"]
[Black "Sanchez Vigon, David"]
[Result "1-0"]
[WhiteElo "2390"]
[BlackElo "2220"]
[TimeControl "40/5400+30:1800+30"]
[Annotator "NA"]
[EventDate "2018.08.09"]
[PlyCount "63"]
[EventType "tourn"]
[EventCountry "ESP"]

1. e4 c5 2. Nf3 Nc6 3. d4 cxd4 4. Nxd4 g6 5. c4 Bg7 6. Be3 Nf6 7. Nc3 Ng4
8. Qxg4 Nxd4 9. Qd1 e5 10. Nb5 d6 11. Be2 Nxb5 12. cxb5 Be6 13. Qa4 O-O 14.
O-O f5 15. Bc4 Qe7 16. f3 Rfc8 17. Rac1 Bf6 18. Bxe6+ Qxe6 19. Rxc8+ Qxc8
20. Rc1 Qd7 21. Qc4+ Kh8 22. Qc7 Qxc7 23. Rxc7 Bd8 24. Rxb7 Bb6 25. Bxb6
axb6 26. a3 Rc8 27. Rxb6 Rc1+ 28. Kf2 Rc2+ 29. Kg3 f4+ 30. Kh3 Rxb2 31. a4
g5 32. a5 1-0

[Event "83rd ESP-ch Women-ch 2018"]
[Site "Linares"]
[Date "2018.08.21"]
[Round "2"]
[White "Teran Alvarez, Ismael"]
[Black "Diaz Castro, Ismael"]
[Result "1-0"]
[WhiteElo "2377"]
[BlackElo "2212"]
[Annotator "TA"]
[EventDate "2018.08.09"]
[PlyCount "55"]
[EventType "tourn"]
[EventCountry "ESP"]

1. Nf3 Nf6 2. g3 g6 3. Bg2 Bg7 4. O-O O-O 5. c4 d6 6. d4 c6 7. Nc3 Bf5 8.
Ne1 Be6 9. d5 cxd5 10. cxd5 Bd7 11. Nd3 Na6 12. Bf4 Nc7 $146 13. Qb3 a5 14.
a4 b5 15. axb5 Nxb5 16. Nxb5 Rb8 17. Bd2 Rxb5 18. Qa2 Qa8 19. Nb4 Rfb8 20.
Nc6 Rxb2 21. Qxa5 Qxa5 22. Bxa5 Bxc6 $2 23. dxc6 $18 d5 24. c7 $36 Rc8 25.
Rab1 Nd7 $2 26. Rxb2 Bxb2 27. Bxd5 Be5 28. Rc1 1-0

[Event "83rd ESP-ch Women-ch 2018"]
[Site "Linares"]
[Date "2018.08.21"]
[Round "2"]
[White "Montero Melendez, Rafael"]
[Black "Garcia Garcia, Adrian Antonio"]
[Result "0-1"]
[WhiteElo "2367"]
[BlackElo "2179"]
[TimeControl "40/5400+30:1800+30"]
[Annotator "NA"]
[EventDate "2018.08.09"]
[PlyCount "66"]
[EventType "tourn"]
[EventCountry "ESP"]

1. Nf3 f5 2. d4 Nf6 3. g3 g6 4. Bg2 Bg7 5. O-O O-O 6. Nbd2 d5 7. c4 e6 8.
b4 Ne4 9. Bb2 c6 10. Qb3 Nd7 11. Rac1 g5 12. Nxe4 fxe4 13. Nd2 g4 14. b5
Bh6 15. Rcd1 Rf7 16. Nb1 Nb6 17. Na3 Qf8 18. Bc1 Bxc1 19. Rxc1 Qh6 20. bxc6
bxc6 21. c5 Nd7 22. Qa4 e5 23. Nc2 exd4 24. Nxd4 Ne5 25. Rb1 Nc4 26. Nb3 a5
27. Rbc1 Ba6 28. Nd4 Rc8 29. Rxc4 Bxc4 30. Qxa5 Rcf8 31. Qa3 Qd2 32. Nxc6
Bxe2 33. Qc1 e3 0-1

[Event "83rd ESP-ch Women-ch 2018"]
[Site "Linares"]
[Date "2018.08.21"]
[Round "2"]
[White "Ayats Llobera, Gerard"]
[Black "Porta Tovar, Guillem"]
[Result "1-0"]
[WhiteElo "2345"]
[BlackElo "2166"]
[Annotator "TA"]
[EventDate "2018.08.09"]
[PlyCount "47"]
[EventType "tourn"]
[EventCountry "ESP"]

1. e4 c5 2. Nc3 d6 3. d4 cxd4 4. Qxd4 Nc6 5. Qd2 Nf6 6. b3 e5 7. Bb2 Be6
$146 8. O-O-O Be7 9. Kb1 O-O 10. Nge2 Qb6 11. Ng3 $16 Rfd8 12. Nd5 Bxd5 13.
exd5 Nb4 14. Bc4 a5 15. a3 Na6 16. f4 Ng4 $2 17. Rde1 Bh4 18. fxe5 Nxe5 19.
Re4 Bxg3 $2 20. hxg3 $18 Ng6 21. Bxg7 $1 Kxg7 22. Qh6+ Kg8 23. Qxh7+ Kf8
24. Rf1 1-0

[Event "83rd ESP-ch Women-ch 2018"]
[Site "Linares"]
[Date "2018.08.21"]
[Round "2"]
[White "Alshameary Puente, Ismael"]
[Black "Lopez Guerrero, Jose Miguel"]
[Result "1-0"]
[WhiteElo "2343"]
[BlackElo "2148"]
[Annotator "TA"]
[EventDate "2018.08.09"]
[PlyCount "31"]
[EventType "tourn"]
[EventCountry "ESP"]

1. d4 d6 2. Nf3 Nd7 3. e4 c5 4. c3 e6 5. Bd3 Qc7 6. O-O e5 $146 7. Qb3 $16
Nb6 8. Na3 Be6 9. Bb5+ Bd7 10. dxe5 dxe5 11. Nc4 $40 Nxc4 12. Bxc4 $18 Bc6
13. Nxe5 O-O-O $2 14. Nxf7 Bd6 15. Be6+ Kb8 16. Nxd8 1-0

[Event "83rd ESP-ch Women-ch 2018"]
[Site "Linares"]
[Date "2018.08.21"]
[Round "2"]
[White "Alvarez Fernandez, Enrique"]
[Black "Gomez Sanjuan, Hector Fernando"]
[Result "0-1"]
[WhiteElo "2324"]
[BlackElo "2146"]
[Annotator "TA"]
[EventDate "2018.08.09"]
[PlyCount "58"]
[EventType "tourn"]
[EventCountry "ESP"]

1. d4 Nf6 2. Nf3 d5 3. Bf4 c5 4. c3 Nc6 5. dxc5 a5 6. e3 e6 7. Bb5 Bxc5 8.
O-O O-O 9. Nbd2 Qb6 10. a4 Na7 $146 11. c4 Nxb5 12. cxb5 Rd8 13. Rc1 Bd6
14. Ne5 Bb8 $2 15. Ndc4 $1 $18 Qa7 16. b4 $2 axb4 $11 17. a5 Nd7 18. Qh5 $1
Rf8 $1 19. Nxd7 Bxd7 20. Nb6 Bxb5 $19 21. Nc8 $2 Qxa5 22. Bh6 gxh6 23. Ne7+
Kh8 24. Qxh6 Be5 25. Qg5 Bg7 26. Rfd1 b3 27. Rd4 b2 28. Rcd1 Qa1 29. h4
Bxd4 0-1

[Event "83rd ESP-ch Women-ch 2018"]
[Site "Linares"]
[Date "2018.08.21"]
[Round "2"]
[White "Sole Pijuan, Ferran"]
[Black "Salgado Lopez, Ivan"]
[Result "0-1"]
[WhiteElo "2320"]
[BlackElo "2643"]
[Annotator "TA"]
[EventDate "2018.08.09"]
[PlyCount "62"]
[EventType "tourn"]
[EventCountry "ESP"]

1. d4 Nf6 2. c4 d6 3. Nc3 Nbd7 4. e4 e5 5. d5 Nc5 6. Bd3 Nxd3+ 7. Qxd3 g6
8. Nge2 Bg7 9. O-O O-O 10. Ng3 h5 11. Bg5 Qd7 12. f3 $146 Nh7 13. Be3 h4
14. Nh1 f5 15. exf5 gxf5 16. f4 Qf7 17. Nf2 Nf6 18. Rac1 Bd7 19. b4 exf4
20. Bxf4 Rae8 21. Bg5 Qh5 22. Bf4 a6 23. c5 Ne4 $1 24. Nfxe4 fxe4 25. Qd2
h3 $19 26. g3 $2 e3 $1 27. Bxe3 Qe5 $2 28. Rxf8+ $17 Rxf8 29. Bf2 $2 Rf3
$19 30. Ne2 Qe4 31. Bd4 Rd3 0-1

[Event "83rd ESP-ch Women-ch 2018"]
[Site "Linares"]
[Date "2018.08.21"]
[Round "2"]
[White "Serarols Mabras, Bernat"]
[Black "Santos Latasa, Jaime"]
[Result "1/2-1/2"]
[WhiteElo "2313"]
[BlackElo "2582"]
[TimeControl "40/5400+30:1800+30"]
[Annotator "ChessBase"]
[EventDate "2018.08.09"]
[PlyCount "111"]
[EventType "tourn"]
[EventCountry "ESP"]

1. d4 f5 2. Nc3 Nf6 3. Bg5 d5 4. Bxf6 exf6 5. e3 Be6 6. Nge2 g6 7. Nf4 Bf7
8. Bb5+ c6 9. Bd3 Nd7 10. h4 h5 11. a3 Qb6 12. Rb1 Bd6 13. Nce2 Qc7 14. Kf1
b5 15. Qc1 Kf8 16. a4 a6 17. b3 bxa4 18. c4 axb3 19. c5 Be7 20. Rxb3 Kg7
21. g3 a5 22. Kg2 Rhb8 23. Ra3 Bd8 24. g4 Ne5 25. dxe5 fxe5 26. gxf5 exf4
27. fxg6 f3+ 28. Kxf3 Be6 29. Nf4 Bg4+ 30. Kg3 Bf6 31. Ra4 Rb3 32. Bc2 Rb4
33. Bd1 Rxa4 34. Bxa4 Be5 35. Bd1 Qd7 36. Kg2 Bxf4 37. exf4 Rf8 38. Re1
Kxg6 39. Re5 Bf5 40. Bc2 Kh6 41. Kh2 Qd8 42. Bxf5 Rxf5 43. Re6+ Kh7 44. Kh3
Qg8 45. Re7+ Kh6 46. Kh2 d4 47. Qe1 Qf8 48. Qe6+ Qf6 49. Qxf6+ Rxf6 50. Re4
Rf5 51. Rxd4 Rxc5 52. Kg3 Kg6 53. f3 Rd5 54. Rc4 c5 55. Ra4 Rf5 56. Rxa5
1/2-1/2

[Event "83rd ESP-ch Women-ch 2018"]
[Site "Linares"]
[Date "2018.08.21"]
[Round "2"]
[White "Calzetta Ruiz, Monica"]
[Black "Santos Ruiz, Miguel"]
[Result "0-1"]
[WhiteElo "2302"]
[BlackElo "2517"]
[Annotator "TA"]
[EventDate "2018.08.09"]
[PlyCount "90"]
[EventType "tourn"]
[EventCountry "ESP"]

1. e4 c5 2. Nf3 d6 3. d4 cxd4 4. Nxd4 Nf6 5. Nc3 a6 6. Bg5 e6 7. Qe2 Be7 8.
f4 h6 9. Bh4 Nxe4 10. Bxe7 Nxc3 11. Qc4 Kxe7 12. Qxc3 Qb6 13. O-O-O Bd7 14.
Qe3 Ke8 $146 15. Qg3 Nc6 16. Qxg7 Ke7 $11 17. Nf5+ exf5 $17 18. Bc4 Raf8 $1
19. Rhe1+ Kd8 $19 20. Bxf7 Qc5 21. g3 Kc8 22. Rd5 Qf2 23. Qc3 Kc7 24. Red1
Rd8 25. Rxd6 $11 Bc8 26. R6d5 $2 Qxh2 $2 27. b3 $2 Rxd5 28. Bxd5 $17 Rd8
29. Rd2 $2 Qg1+ $19 30. Kb2 Qe1 31. Qd3 Qe7 32. Re2 $2 Qd6 33. c4 Nb4 34.
Qc3 Nxd5 35. cxd5+ Kb8 36. Re5 Rd7 37. Re8 Rc7 38. Qe5 $17 Qd7 39. d6 $2
Rc6 $19 40. a4 Qxd6 41. Qxf5 Qd2+ 42. Ka3 Qc1+ 43. Kb4 Rb6+ 44. Ka5 Qc3+
45. Kxb6 Qc7# 0-1

[Event "83rd ESP-ch Women-ch 2018"]
[Site "Linares"]
[Date "2018.08.21"]
[Round "2"]
[White "Diaz Castro, Sergio"]
[Black "Arizmendi Martinez, Julen Luis"]
[Result "0-1"]
[WhiteElo "2289"]
[BlackElo "2507"]
[Annotator "TA"]
[EventDate "2018.08.09"]
[PlyCount "113"]
[EventType "tourn"]
[EventCountry "ESP"]

1. e4 e6 2. d4 d5 3. Nc3 Bb4 4. e5 Ne7 5. a3 Bxc3+ 6. bxc3 c5 7. Qg4 Kf8 8.
Nf3 Qa5 9. Bd2 Qa4 10. c4 Qxc2 11. Rc1 $146 Qe4+ 12. Qxe4 dxe4 13. Ng5 cxd4
14. Nxe4 Nbc6 15. f4 $1 $11 Nf5 16. Bd3 Ke7 17. Kf2 h5 18. Rb1 Rb8 19. Rb3
b6 20. c5 Bd7 21. Rhb1 bxc5 $1 22. Nxc5 Rxb3 23. Rxb3 Rb8 $1 24. Rxb8 Nxb8
25. Nxd7 Kxd7 26. Bb5+ Nc6 27. Bb4 f6 28. Kf3 fxe5 29. fxe5 Kc7 30. Ke4 $1
Nxb4 31. axb4 Ne3 32. Kxd4 Nxg2 33. Bc4 Kd7 34. Kc5 Ne3 35. Be2 h4 36. Kb5
Kc7 37. Ka6 $1 $15 Kb8 38. b5 $2 Nd5 $2 39. Bg4 $11 Nc7+ 40. Ka5 Kc8 41.
Kb4 Kd7 42. Kc5 Nd5 $15 43. Bf3 Nf4 44. Kd4 g5 45. Bg4 Nd5 46. Bh3 $11 Nf4
47. Bg4 $17 Kd8 48. Bd1 $2 Kc7 $1 $19 49. Kc5 Ng6 $1 50. Bg4 $2 Nxe5 51.
Bxe6 g4 $1 52. Kd4 Nf3+ 53. Ke3 Nxh2 54. Kf4 Kb6 55. Bc4 g3 56. Ke3 Ng4+
57. Kd4 0-1

[Event "83rd ESP-ch Women-ch 2018"]
[Site "Linares"]
[Date "2018.08.21"]
[Round "2"]
[White "Esquivias Quintero, Luis Manuel"]
[Black "Aroshidze, Levan"]
[Result "0-1"]
[WhiteElo "2260"]
[BlackElo "2504"]
[Annotator "TA"]
[EventDate "2018.08.09"]
[PlyCount "78"]
[EventType "tourn"]
[EventCountry "ESP"]

1. e4 c5 2. Nf3 e6 3. Nc3 a6 4. d4 cxd4 5. Nxd4 Qc7 6. Bd3 Nf6 7. f4 d6 8.
Qf3 b5 9. g4 Nfd7 10. Bd2 $146 g6 11. a3 Bg7 12. Qf2 Nc5 13. b4 Nxd3+ 14.
cxd3 Bb7 15. Rc1 Qd8 16. O-O Nd7 17. Nce2 Rc8 $1 18. Rxc8 Qxc8 19. f5 exf5
20. gxf5 O-O 21. Qh4 Re8 22. Bh6 Bh8 23. Nf3 Qc2 24. Nf4 Ne5 $17 25. Ng5
Bf6 $2 26. fxg6 $16 fxg6 27. Nfe6 Rxe6 28. Qh3 Re8 29. Rxf6 Qd1+ 30. Kg2 $2
Ng4 $2 31. Rf1 Qe2+ $11 32. Kg1 Bc8 $36 33. Bg7 Qxh2+ 34. Qxh2 Nxh2 35.
Kxh2 Kxg7 $15 36. Rf7+ Kh6 37. Nxh7 Be6 38. Rf8 $2 Rxf8 $19 39. Nxf8 Bc8
0-1

[Event "83rd ESP-ch Women-ch 2018"]
[Site "Linares"]
[Date "2018.08.21"]
[Round "2"]
[White "Sanchez Jerez, Emilio Miguel"]
[Black "Garriga Cazorla, Pere"]
[Result "1/2-1/2"]
[WhiteElo "2246"]
[BlackElo "2444"]
[TimeControl "40/5400+30:1800+30"]
[Annotator "NA"]
[EventDate "2018.08.09"]
[PlyCount "60"]
[EventType "tourn"]
[EventCountry "ESP"]

1. Nf3 Nf6 2. g3 g6 3. b3 Bg7 4. Bb2 c5 5. Bg2 d5 6. O-O O-O 7. e3 Nc6 8.
Ne5 Nxe5 9. Bxe5 Be6 10. d4 Rc8 11. c4 cxd4 12. Qxd4 dxc4 13. Bxb7 Qxd4 14.
exd4 Rcd8 15. Nc3 cxb3 16. axb3 Bxb3 17. Rxa7 Rd7 18. Rfa1 Ng4 19. Bxg7
Kxg7 20. R1a3 Bc4 21. R3a4 Rxd4 22. Ba6 Ne5 23. Bxc4 Rxc4 24. Rxc4 Nxc4 25.
Rxe7 Rd8 26. h4 h6 27. Kg2 Rd6 28. Re4 Nb6 29. Re7 Nd5 30. Nxd5 Rxd5
1/2-1/2

[Event "83rd ESP-ch Women-ch 2018"]
[Site "Linares"]
[Date "2018.08.21"]
[Round "2"]
[White "Orantes Taboada, Francisco"]
[Black "Ladron de Guevara Pinto, Paolo"]
[Result "1/2-1/2"]
[WhiteElo "2242"]
[BlackElo "2424"]
[TimeControl "40/5400+30:1800+30"]
[Annotator "NA"]
[EventDate "2018.08.09"]
[PlyCount "70"]
[EventType "tourn"]
[EventCountry "ESP"]

1. Nf3 d5 2. g3 g6 3. Bg2 Bg7 4. O-O Nf6 5. d4 O-O 6. c4 c6 7. Nc3 dxc4 8.
a4 Nd5 9. a5 Na6 10. e4 Ndb4 11. Be3 Bg4 12. h3 Bxf3 13. Bxf3 e5 14. d5
cxd5 15. Nxd5 Nxd5 16. exd5 f5 17. d6 Qd7 18. Qa4 Rad8 19. Bd5+ Kh8 20.
Qxd7 Rxd7 21. Bxa7 Rf6 22. Bxc4 Rfxd6 23. Bb5 Rd8 24. Bb6 Rc8 25. Rac1 Rxc1
26. Rxc1 Bf6 27. b4 f4 28. Bxa6 bxa6 29. b5 axb5 30. Ra1 Bd8 31. Bxd8 Rxd8
32. Rb1 fxg3 33. fxg3 b4 34. Rxb4 Rd1+ 35. Kf2 Ra1 1/2-1/2

[Event "83rd ESP-ch Women-ch 2018"]
[Site "Linares"]
[Date "2018.08.21"]
[Round "2"]
[White "Blazquez Gomez, Juan Carlos"]
[Black "Tejedor Fuente, Enrique"]
[Result "1/2-1/2"]
[WhiteElo "2240"]
[BlackElo "2408"]
[Annotator "TA"]
[EventDate "2018.08.09"]
[PlyCount "236"]
[EventType "tourn"]
[EventCountry "ESP"]

1. e4 c5 2. a3 g6 3. b4 Bg7 4. Nc3 Nc6 5. Rb1 d6 6. g3 b6 7. Bg2 Bb7 8.
Nge2 e6 9. O-O Nge7 10. d3 O-O 11. Be3 Qd7 12. Qd2 Rfd8 $146 13. Bh6 Bh8
14. h4 Ne5 15. f3 f6 16. Nd1 Nf7 17. Be3 Rac8 18. h5 d5 19. hxg6 hxg6 20.
bxc5 bxc5 21. Nf4 d4 22. Bf2 Rc6 23. Nb2 e5 24. Bh3 Ng5 $1 $19 25. Bxd7
Nxf3+ 26. Kg2 Nxd2 27. Bxc6 Bxc6 28. Ne6 Rc8 29. Nxc5 Bb5 30. Nba4 $1 $15
Bxa4 31. Nxa4 Nxb1 32. Rxb1 Rxc2 33. Rb8+ $1 Rc8 34. Rb7 Nc6 35. Be1 $1 Bg7
36. Nc5 Bf8 37. Nd7 $1 Be7 38. g4 Kf7 39. Bb4 Nxb4 40. axb4 Rc2+ 41. Kf1
Ke6 42. b5 Ra2 43. Nb8 $1 $11 Bc5 44. Nd7 $2 Bd6 $19 45. Ke1 Bb4+ 46. Kf1
$17 Bd6 47. Ke1 $1 $19 a5 48. Ra7 a4 49. Nb6 Rb2 50. Nc4 $11 Rb1+ 51. Ke2
Bc5 52. Rxa4 Rxb5 53. Ra6+ Ke7 $1 54. Ra5 Rxa5 55. Nxa5 Bb6 56. Nc4 Bc7 57.
Nd2 Ke6 58. Nf3 Bd6 59. Nh4 Kf7 60. Kf3 Bb4 61. Ke2 Bf8 62. Nf3 Bh6 63. Nh4
Bf4 64. Nf3 Bg3 65. Kf1 Kf8 66. Kg2 Bf4 67. Nh4 Kf7 68. Kf2 $1 Bg5 69. Nf3
Bh6 70. Nh4 Bd2 71. Ke2 Bb4 72. Kd1 Ba3 73. Ke2 Bb4 74. Kd1 Be7 75. Nf3 Ke6
76. Ke2 Ba3 77. Nh4 Bc1 78. Kd1 Bf4 79. Ke2 Bg3 80. Nf3 Kd6 81. Kf1 Ke6 82.
Ke2 Kd7 83. Kf1 Ke7 84. Kg2 Bf4 85. Nh4 Bg5 $1 86. Nf3 $1 Kd6 87. Kf2 Kc5
88. Ke2 Kb4 89. Ng1 Kc3 90. Nf3 Kc2 91. Ng1 Be3 92. Nf3 g5 93. Nh2 Bf4 94.
Nf3 Kc3 95. Ng1 Bg3 96. Nf3 Bf4 97. Ng1 Bc1 98. Nf3 Kc2 99. Nh2 Be3 100.
Nf3 Bf2 101. Nh2 Bg1 102. Nf3 Bf2 103. Nh2 Bg3 104. Nf3 Bf4 105. Ng1 Be3
106. Nf3 Kc3 107. Nh2 Bd2 108. Nf3 Bf4 109. Ng1 Kb3 110. Nf3 Be3 111. Nh2
Kc2 112. Nf3 Kc3 113. Nh2 Bc1 114. Nf3 Kc2 115. Nh2 Bf4 116. Nf3 Kc3 117.
Ng1 Kc2 118. Nf3 Kc3 1/2-1/2